Die 125 häufigsten ♂ ♀ Vornamen in Nordrhein-Westfalen - Statistiken

Allgemein
  • Dieses Quiz wurde 124 mal gespielt
  • Das Durchschnittsergebnis liegt bei 47 aus 127
Antwortstatistiken
♂ /♀ Vorname % Korrekt
Jungen - - > | Mädchen - - > ⤵️
100%
L3 Leo
86%
L3 Lia
83%
L4 Leon
80%
E4 Emil
78%
M3 Mia
78%
E4 Emma
77%
A4 Anna
73%
M3 Max
73%
L3 Lea
72%
P4 Paul
72%
L5 Lukas
71%
M5 Marie
67%
T3 Tom
67%
L4 Lena
66%
M5 Maria
66%
N4 Noah
66%
E6 Emilia
65%
F4 Finn
65%
L4 Luca
64%
B3 Ben
62%
H6 Hannah
59%
J4 Jona
57%
L4 Lina
56%
M5 Maxim
56%
I3 Ida
55%
K4 Karl
53%
A3 Ali
52%
A5 Anton
52%
J5 Jonas
52%
S6 Sophia
52%
S6 Sophie
52%
M10 Maximilian
51%
S5 Sarah
50%
E5 Elias
48%
E5 Emily
48%
M4 Mara
48%
M4 Mila
48%
P5 Paula
48%
A6 Amelie
47%
E4 Ella
47%
M8 Mohammed
47%
A9 Alexander
45%
L4 Lara
45%
C9 Charlotte
44%
F5 Felix
43%
E5 Elisa
42%
M6 Moritz
42%
Z3 Zoe
42%
E4 Erik
41%
J5 Jakob
41%
L6 Leonie
41%
L3 Lio
41%
H5 Henry
40%
J7 Johanna
38%
L4 Luna
38%
T4 Theo
38%
L5 Luisa
37%
M6 Matteo
37%
L7 Leonard
36%
N4 Nele
36%
L4 Liam
35%
L5 Louis
35%
O5 Oskar
34%
C5 Clara
31%
E5 Elena
31%
M4 Maja
31%
N4 Nora
31%
L4 Leni
30%
L5 Lilly
30%
L5 Lotta
30%
M4 Mira
30%
A5 Aaron
29%
C5 Carla
28%
L4 Levi
28%
M4 Mika
28%
D5 David
27%
F6 Frieda
27%
L5 Linus
27%
M8 Mathilda
27%
P7 Paulina
27%
C5 Carlo
26%
I8 Isabella
26%
J6 Jannis
26%
J8 Jonathan
26%
E3 Eva
23%
T4 Thea
23%
M5 Milan
22%
A7 Antonia
21%
J4 Juna
20%
M4 Mats
20%
A4 Adam
19%
E5 Elina
19%
E6 Emilio
19%
M5 Merle
19%
M4 Milo
19%
S6 Samuel
19%
T5 Tilda
19%
T4 Toni
19%
A6 Amalia
17%
G6 Gabriel
17%
L4 Lian
17%
V8 Victoria
17%
A4 Amir
15%
F5 Fiete
14%
L5 Leano
14%
R4 Romy
13%
A5 Arian
12%
A5 Amira
10%
M5 Malia
10%
T5 Thilo
10%
M6 Marlon
9%
A4 Ayla
8%
H6 Hailey
8%
L4 Lutz
7%
I5 Ilyas
6%
M5 Malea
6%
A7 Aaliyah
3%
M6 Mariam
3%
M5 Miran
2%
M5 Malik
1%
M4 Meva
1%
H5 Hamza
0%
K5 Kamil
0%
N4 Nour
0%
R5 Rania
0%
Keine übereinstimmenden Quizze gefunden
Verteilung der Resultate
Anzahl Personen mit jedem Resultat
Perzentil nach korrekt beantworteten Fragen
Ihre Resultats-Entwicklung
Sie haben dieses Quiz noch nicht gespielt